| 000 | 00779nam a2200253Ia 4500 | ||
|---|---|---|---|
| 003 | OSt | ||
| 005 | 20220918192746.0 | ||
| 006 | a|||||r|||| 00| 0 | ||
| 007 | ta | ||
| 008 | 220917b |||||||| |||| 00| 0 eng d | ||
| 024 | _a70,124 | ||
| 037 | _cTextual | ||
| 040 |
_aARTS _cARTS _beng |
||
| 041 |
_2eng _aeng |
||
| 082 | _aR321, L8 | ||
| 100 |
_aMiddendorp C P _980078 |
||
| 245 | 0 |
_aProgressiveness and conservatism _b the fundamental dimensions of Indological controversy and their relationship to social class |
|
| 260 |
_aHague _bMouton Pub _c1978 |
||
| 300 |
_axviii,457p. _ccm. |
||
| 490 | _aStudies in social sciences; 25 | ||
| 500 | _aBib 363-88p; Appendix 389-442p | ||
| 942 |
_hR321, L8 _cTEXL _2CC |
||
| 999 |
_c196224 _d196224 |
||